000 00494nam a2200169Ia 4500
003 OSt
005 20200602121103.0
008 190216s9999||||xx |||||||||||||| ||und||
040 _coclc
082 _a335
_bSCH/C
100 _aSchumpeter, Joseph A
_91740
245 0 _aCapitalism,Socialism And Democracy /
_cJoseph A Schumpeter
260 _bSurjeet Publications,
_aDelhi:
_c2006.
300 _a431p
650 _aHistory
942 _cBK
_2ddc
_h335
_iSCH/C
_k335
_mSCH/C
999 _c21296
_d21296